Geoffrey Chaucer : (Record no. 62907)
[ view plain ]
| 000 -LEADER | |
|---|---|
| fixed length control field | 00918nam a2200241 a 4500 |
| 001 - CONTROL NUMBER | |
| control field | 62907 |
| 003 - CONTROL NUMBER IDENTIFIER | |
| rucl marc code | BD-RjUL |
| 005 - DATE AND TIME OF LATEST TRANSACTION | |
| control field | 20211209081136.0 |
| 008 - FIXED-LENGTH DATA ELEMENTS--GENERAL INFORMATION | |
| fixed length control field | 170126s1934 enk 000 0 eng d |
| 035 ## - SYSTEM CONTROL NUMBER | |
| System control number | (BD-RjUL)63035 |
| System control number | (OCoLC)4991291 |
| 040 ## - CATALOGING SOURCE | |
| Original cataloging agency | DZM |
| Transcribing agency | DZM |
| Modifying agency | m.c |
| -- | BD-RjUL |
| Language of cataloging | eng |
| 041 ## - LANGUAGE CODE | |
| Language code of text/sound track or separate title | eng |
| 082 ## - DEWEY DECIMAL CLASSIFICATION NUMBER | |
| Classification number | 821.1 |
| Edition number | 23 |
| Author mark and year | LOG 1934 |
| 100 1# - MAIN ENTRY--PERSONAL NAME | |
| Personal name | Lowes, John Livingston, |
| Dates associated with a name | 1867-1945. |
| 9 (RLIN) | 187072 |
| 245 10 - TITLE STATEMENT | |
| Title | Geoffrey Chaucer : |
| Remainder of title | lectures delivered in 1932 on the William J. Cooper Foundation in Swarthmore College / |
| Statement of responsibility, etc. | by John Livingston Lowes. |
| 260 ## - PUBLICATION, DISTRIBUTION, ETC. (IMPRINT) | |
| Place of publication, distribution, etc. | Oxford : |
| Name of publisher, distributor, etc. | Clarendon Press, |
| Date of publication, distribution, etc. | 1934. |
| 300 ## - PHYSICAL DESCRIPTION | |
| Pagination | 199 p. ; |
| Size | 22 cm. |
| 505 00 - FORMATTED CONTENTS NOTE | |
| Formatted contents note | Contents: 1. Backgrounds and horizons -- 2. The world of affairs -- 3. The world of books -- 4. Old forms and new content -- 5. The mastered art -- 6. The human comedy. |
| 600 10 - SUBJECT ADDED ENTRY--PERSONAL NAME | |
| Personal name | Chaucer, Geoffrey, |
| Dates associated with a name | -1400. |
| 942 ## - ADDED ENTRY ELEMENTS (KOHA) | |
| Source of classification or shelving scheme | Dewey Decimal Classification |
| Koha item type | Books |
| Lost status | Source of classification or shelving scheme | Damaged status | Not for loan | Collection code | Permanent Location | Current Location | Shelving location | Date acquired | Source of acquisition | Cost, normal purchase price | Total Checkouts | Full call number | Date last seen | Copy number | Koha item type |
|---|---|---|---|---|---|---|---|---|---|---|---|---|---|---|---|
| Dewey Decimal Classification | Not For Loan | Non-fiction | Central Library, University of Rajshahi | Central Library, University of Rajshahi | Reading Room | 08/08/1955 | O.U.P | 7.80 | 821.1 LOG 1934 | 26/01/2017 | C-1 | Books |